000 00777nam a2200205Ia 4500
999 _c39247
_d39247
001 5833
003 GE_BSU
005 20190912111443.0
008 181216s1953||||ge |||||||||||||| ||geo||
040 _cGE_BSU
041 _ageo
080 _a821.353.1-32 ა-30
100 _aავალიანი, ლ.
_93958
245 _aნოველები /
_cლ. ავალიანი ; რედ. მ. ბაკურაძე.
264 _aთბილისი :
_bსახელგამი [პოლიგრაფკომბინატი კომუნისტი] ;
_c1953.
300 _a158 გვ. ;
_c17 სმ.
653 _aნოველები
700 _aბაკურაძე, მ.
_eრედაქტორი
_93966
942 _cBK
_2udc